Chủ nghĩa hậu hiện đại các vấn đề nhận thức luận

Trong lĩnh vực khoa học, chủ nghĩa hậu hiện đại ngay từ khi xuất hiện cho đến nay, đã có sự phát triển và ảnh hưởng khá rộng tới các khoa học xã hội và nhân văn, thực tiễn xã hội tại nhiều quốc gia trên thế giới. Bên cạnh đó nó còn la...

全面介绍

Đã lưu trong:
书目详细资料
主要作者: Trần, Quang Thái
格式: 图书
语言:Undetermined
出版: Thành phố Hồ Chí Minh Tổng hợp thành phố Hồ Chí Minh 2011
主题:
标签: 添加标签
没有标签, 成为第一个标记此记录!
Thư viện lưu trữ: Trung tâm Học liệu Trường Đại học Cần Thơ
LEADER 01221nam a2200205Ia 4500
001 CTU_220801
008 210402s9999 xx 000 0 und d
020 |c 55000 
082 |a 149 
082 |b Th103 
100 |a Trần, Quang Thái 
245 0 |a Chủ nghĩa hậu hiện đại các vấn đề nhận thức luận 
245 0 |c Trần Quang Thái 
260 |a Thành phố Hồ Chí Minh 
260 |b Tổng hợp thành phố Hồ Chí Minh 
260 |c 2011 
520 |a Trong lĩnh vực khoa học, chủ nghĩa hậu hiện đại ngay từ khi xuất hiện cho đến nay, đã có sự phát triển và ảnh hưởng khá rộng tới các khoa học xã hội và nhân văn, thực tiễn xã hội tại nhiều quốc gia trên thế giới. Bên cạnh đó nó còn là chủ đề gây tranh luận sôi nổi trong triết học và khoa học phương Tây vào những năm cuối thế kỷ XX. 
650 |a Postmodernism,Chủ nghĩa hậu hiện đại 
904 |i Ngô Hoàng Anh Khoa,Hải 
980 |a Trung tâm Học liệu Trường Đại học Cần Thơ